American TV Sitcoms By Clues - Statistics

General Stats
  • This quiz has been taken 596 times
    175 since last reset
  • The average score is 35 of 80
Answer Stats
Run Broadcaster Actor #1 Actor #2 Show Name % Correct
1994-2004 NBC Jennifer Aniston Courteney Cox Friends
92%
2007-2019 CBS Jim Parsons Kaley Cuoco The Big Bang Theory
85%
2005-2013 NBC Steve Carell John Krasinski The Office
84%
1990-1996 NBC Will Smith James Avery Fresh Prince of Bel Air
82%
2005-2014 CBS Cobie Smulders Neil Patrick Harris How I Met your Mother
80%
2003-2015 CBS Charlie Sheen Jon Cryer Two and a Half Men
79%
2009-2020 ABC Sofia Vergara Ty Burrell Modern Family
78%
1951-1957 CBS Lucille Balle Desi Arnez I Love Lucy
77%
1989-1998 NBC Julia Louis-Dreyfuss Jason Alexander Seinfeld
71%
1985-1992 NBC Rue McClanahan Betty White The Golden Girls
68%
1987-1995 ABC Bob Saget John Stamos Full House
67%
2009-2015 NBC Amy Poehler Nick Offerman Parks and Recreation
67%
1982-1993 NBC Ted Danson Rhea Perlman Cheers
66%
1993-2004 NBC Kelsey Grammar David Hyde Pierce Frasier
64%
2000-2006 FOX Frankie Muniz Bryan Cranston Malcolm in the Middle
64%
1974-1984 ABC Ron Howard Henry Winkler Happy Days
63%
2013-2021 FOX/NBC Andy Samberg Stephanie Beatriz Brooklyn Nine-Nine
62%
1991-1999 ABC Tim Allen Patricia Richardson Home Improvement
62%
1987-1997 FOX Ed O'Neill Katey Segal Married… With Children
61%
2001-2010 NBC/ABC Zach Braff Sarah Chalke Scrubs
59%
1998-2007 CBS Kevin James Leah Remini The King of Queens
59%
1993-1999 CBS Fran Drescher Charles Shaughnessy The Nanny
59%
2006-2013 NBC Tina Fey Tracy Morgan 30 Rock
57%
1998-2006 FOX Topher Grace Laura Prepon That 70's Show
57%
1972-1983 CBS Alan Alda Loretta Swit M*A*S*H
55%
1978-1982 ABC Robin Williams Pam Dawber Mork & Mindy
55%
1996-2001 NBC John Lithgow Joseph Gordon-Levitt 3rd Rock From the Sun
54%
2011-2018 FOX Zooey Deschanel Jake Johnson New Girl
54%
1978-1983 ABC/NBC Judd Hirsch Danny Devito Taxi
54%
1984-1992 ABC Tony Danza Alyssa Milano Who's The Boss?
54%
1998-2006, 2017-2020 NBC Eric McCormack Debra Messing Will & Grace
49%
1977-1984 ABC John Ritter Joyce DeWitt Three's Company
48%
1993-2000 ABC Ben Savage Danielle Fishel Boy Meets World
46%
1969-1974 ABC Robert Reed Florence Henderson The Brady Bunch
46%
1964-1972 ABC Elizabeth Montgomery Dick York Bewitched
43%
1965-1970 NBC Barbara Eden Larry Hagman I Dream of Jeannie
42%
1984-1992 NBC Harry Anderson John Larroquette Night Court
42%
1970-1975 ABC Tony Randall Jack Klugman The Odd Couple
42%
1971-1979 CBS Carroll O'Connor Jean Stapleton All in the Family
41%
2009-2015 NBC/Yahoo Screen Danny Pudi Joel McHale Community
41%
1989-1998 ABC/CBS Jo Marie Payton Jaleel White Family Matters
41%
1976-1983 ABC Penny Marshall Cindy Williams Laverne & Shirley
41%
1972-1977 NBC Redd Foxx Desmond Wilson Sanford & Son
41%
1992-1999, 2019 NBC Paul Reiser Helen Hunt Mad About You
40%
1988-1998, 2019 CBS Candice Bergen Faith Ford Murphy Brown
39%
1975-1979 ABC Gabe Kaplan John Travolta Welcome Back, Kotter
39%
1964-1967 CBS Bob Denver Dawn Wells Gilligan's Island
38%
1972-1978 ABC Bea Arthur Bill Macy Maude
38%
1996-2002 ABC Michael J. Fox Carla Gugino Spin City
37%
1975-1985 CBS Sherman Hemsley Isabel Sanford The Jeffersons
37%
1986-1993 CBS Dixie Carter Annie Potts Designing Women
33%
2015-2020 ABC Randall Park Constance Wu Fresh off the Boat
33%
2010-2016 CBS Melissa McCarthy Billy Gardell Mike & Molly
33%
1965-1971 CBS Eddie Albert Eva Gabor Green Acres
32%
1979-1988 NBC Charlotte Rae Nancy McKeon The Facts of Life
31%
1979-1986 ABC Robert Guillaume Inga Swenson Benson
30%
1975-1984 CBS Bonnie Franklin Mackenzie Phillips One Day at a Time
29%
1990-1997 NBC Tim Daly Thomas Haden Church Wings
29%
1964-1969 CBS Jim Nabors Frank Sutton Gomer Pyle, U.S.M.C
28%
1962-1971 CBS Buddy Ebsen Irene Ryan The Beverly Hillbillies
28%
2001-2009 ABC Jim Belushi Courtney Thorne-Smith According to Jim
27%
1986-1993 ABC Bronson Pinchot Mark Linn-Baker Perfect Strangers
27%
2015-2020 Netflix Ellie Kemper Titus Burgess Unbreakable Kimmy Schmidt
27%
1978-1982 ABC Gary Sandy Howard Hesseman WKRP in Cincinnati
27%
1997-2003 NBC Laura San Giacomo David Spade Just Shoot Me!
26%
1975-1982 ABC Hal Linden Abe Vigoda Barney Miller
25%
1983-1990 NBC/First-Run syndication Vicki Lawrence Ken Berry Mama's Family
25%
1995-1999 NBC Dave Foley Phil Hartman NewsRadio
25%
1991-1998 ABC/CBS Patrick Duffy Suzanne Somers Step By Step
23%
2009-2018 ABC Patricia Heaton Neil Flynn The Middle
22%
1996-2000 NBC Brooke Shields Kathy Griffin Suddenly Susan
19%
1988-1995 NBC Richard Mulligan Dinah Manoff Empty Nest
18%
1962-1966 ABC Ernest Borgnine Tim Conway McHale's Navy
18%
2016-2020 Netflix Ashton Kutcher Sam Elliot The Ranch
17%
2013-2023 ABC Sean Giambrone Wendi McLendon-Covey The Goldbergs
16%
2010-2014 FOX Lucas Neff Martha Plimpton Raising Hope
14%
2014-2019 HBO Thomas Middleditch Martin Starr Silicon Valley
11%
1963-1970 CBS Bea Benaderet Edgar Buchanan Petticoat Junction
9%
1957-1963 ABC/CBS Walter Brennan Richard Crenna The Real McCoys
7%
2006-2010 FOX Brad Garrett Joely Fisher Til Death
3%
No matching quizzes found
Score Distribution
Percent of People with Each Score
Percentile by Number Answered
Your Score History
You have not taken this quiz since the last reset